000
00310nam a22001337a 4500
003
SGT
082
_a
350.954
_b
T85G
100
_a
GIJRAL, M.L.
245
_a
THUS SPAKE BAPU OR DIALOGUE BETWEEN GANDHI
260
_b
GANDHI PEACE FOUNDATION
_c
1985
300
_a
168
650
_a
SOCIAL SCIENCE
942
_2
ddc
_c
BK
999
_c
27749
_d
27749